Método completo de solfeo (sin acompañamiento)

Saved in:
Bibliographic Details
Main Author: Eslava, Hilarión (Author)
Format: Musical Score Book
Language:Spanish
Published: s.n 1900
Subjects:
Tags: Add Tag
No Tags, Be the first to tag this record!

MARC

LEADER 00000ncm a2200000 a 4500
001 UCM0278
003 CL-VaPUC
005 20220715115428.0
008 020125e19000000CL |||||||||||||||||spa|d
999 |c 299245  |d 299243 
040 |c Pontificia Universidad Católica de Valparaíso 
082 0 4 |a Ca784.4212 ESL 1900  |2 21 
100 0 |a Eslava, Hilarión  |e author  |9 466989 
245 1 0 |a Método completo de solfeo (sin acompañamiento) 
260 |b s.n  |c 1900 
300 |a v 
500 |a v.1: Primera parte 
583 |a last modification  |c 20130316 11:11:40  |k Rodrigo Vera 
650 0 |a Solfeo, ejercicios y estudios  |2 CL-VaPUC  |9 466981 
650 0 |a Técnicas de ejecución  |9 323937 
650 0 |a Solfeo, interpretación  |9 466984 
650 0 |a Elementos de la música  |9 416977 
942 |c BK  |2 ddc 
945 |d 20020125 00:00:00  |a lriquelm 
952 |0 0  |1 0  |2 ddc  |4 0  |6 CA_784_421200000000000_ESL_1900  |7 0  |8 A  |9 355528  |a BIBEDU  |b BIBEDU  |d 2019-11-21  |h v.1  |i 1156594  |l 2  |o Ca784.4212 ESL 1900  |p 1156594  |r 2023-11-22  |s 2023-04-12  |w 2019-11-21  |y PA  |k MUS